000 00250nam a2200109Ia 4500
008 190216s9999||||xx |||||||||||||| ||und||
100 _aNorman Cousins
245 0 _aProfil Nehru
260 _bIndian Book Company
_c1966
300 _a80p
942 _cREF
999 _c35141
_d35141